|
|
|
|
| LEADER |
01368nam a2200373Ia 4500 |
| 001 |
EBC335777 |
| 003 |
MiAaPQ |
| 005 |
20200520144314.0 |
| 006 |
m o d | |
| 007 |
cr cn||||||||| |
| 008 |
071102s2008 njuab sb 001 0 eng d |
| 010 |
|
|
|z 2007045583
|
| 020 |
|
|
|z 0470256982 (cloth)
|
| 020 |
|
|
|z 9780470256985 (cloth)
|
| 035 |
|
|
|a (MiAaPQ)EBC335777
|
| 035 |
|
|
|a (Au-PeEL)EBL335777
|
| 035 |
|
|
|a (CaPaEBR)ebr10296629
|
| 035 |
|
|
|a (CaONFJC)MIL128512
|
| 035 |
|
|
|a (OCoLC)608623990
|
| 040 |
|
|
|a MiAaPQ
|c MiAaPQ
|d MiAaPQ
|
| 050 |
|
4 |
|a HD61
|b .A23 2008
|
| 082 |
0 |
4 |
|a 658.15/5
|2 22
|
| 100 |
1 |
|
|a Abkowitz, Mark David.
|
| 245 |
1 |
0 |
|a Operational risk management
|h [electronic resource] :
|b a case study approach to effective planning and response /
|c Mark D. Abkowitz.
|
| 260 |
|
|
|a Hoboken, N.J. :
|b John Wiley & Sons,
|c c2008.
|
| 300 |
|
|
|a x, 277 p. :
|b ill., maps.
|
| 504 |
|
|
|a Includes bibliographical references and index.
|
| 533 |
|
|
|a Electronic reproduction. Ann Arbor, MI : ProQuest, 2015. Available via World Wide Web. Access may be limited to ProQuest affiliated libraries.
|
| 650 |
|
0 |
|a Emergency management.
|
| 650 |
|
0 |
|a Risk assessment.
|
| 650 |
|
0 |
|a Risk management.
|
| 655 |
|
4 |
|a Electronic books.
|
| 710 |
2 |
|
|a ProQuest (Firm)
|
| 856 |
4 |
0 |
|u https://ebookcentral.proquest.com/lib/matrademy/detail.action?docID=335777
|z Click to View
|